banner-ar

قاموس وشرح مصطلحات الزيوت والدهون: إنجليزى - عربى Expanatory Dictionarg of oil and fat Terminology / (Record no. 42554)

MARC details
000 -الفاتح
حقل البيانات ثابتة الطول 00594nam a2200169Ia 4500
008 - عناصر البيانات ثابتة الطول - معلومات عامة
حقل البيانات ثابتة الطول 140319s9999 xx 000 0 ara d
040 ## - مصدر الفهرسة
وكالة الفهرسة الأصلية GCL /
وكالة النسخ GCL
082 04 - رقم تصنيف ديوى العشرى
رقم التصنيف 665.03
رقم المادة ا ق
100 1# - المدخل الرئيسى - إسم شخصى
الإسم الشخصى احمد جمال الدين الوراقى
245 10 - بيان العنوان
العنوان قاموس وشرح مصطلحات الزيوت والدهون: إنجليزى - عربى Expanatory Dictionarg of oil and fat Terminology /
بيان المسئوليه,etc احمد جمال الدين الوراقى
300 ## - الوصف المادى
التعداد 550
490 ## - بيان السلسلة
عنوان السلسلة كتاب
رقم المجلد/ التعيين التسلسلي 0
650 04 - المدخل الاضافى بالموضوع-مصطلح موضوعى
مصطلح موضوعي القواميس
650 04 - المدخل الاضافى بالموضوع-مصطلح موضوعى
مصطلح موضوعي الزيوت والدهون
942 ## - عناصر المدخل الإضافي( كوها)
مصدر التصنيف او مخطط الترفيف Dewey Decimal Classification
Koha [default] item type كتاب
Holdings
حالة التراجع حالة الفقد حالة تلف ليس للاعارة المكان المؤقت الموقع الحالى تاريخ الاكتساب اجمالي اﻻعارات رقم الطلب الباركود تاريخ اخر مشاهدة تاريخ تفعيل السعر نوع وعاء كوها
        مكتبة القاهرة الكبرى مكتبة القاهرة الكبرى 03/26/2014   665.03\ا ق 102850 03/26/2014 03/26/2014 كتاب
        مكتبة القاهرة الكبرى مكتبة القاهرة الكبرى 03/26/2014   665.03\ا ق 102851 03/26/2014 03/26/2014 كتاب
        مكتبة القاهرة الكبرى مكتبة القاهرة الكبرى 03/26/2014   665.03\ا ق 102852 03/26/2014 03/26/2014 كتاب

Powered By

EGPV